000 00659nam a2200229 4500
999 _c2643
_d2643
001 760036
003 OSt
005 20181017123552.0
008 690610s1968 njua 000 0 eng
010 _a 68028435
040 _aDLC
_cDLC
_dDLC
050 0 0 _aBV4847
_b.B62
082 0 0 _a248.8
_bB787M
100 1 _aBowman, Mary D.
245 1 0 _aMom, you gotta be kiddin'
_c[by] Mary D. Bowman. With illus. by Don Sampson.
260 _aOld Tappan, N.J.,
_bF. H. Revell
_c[1968]
300 _a62 p.
_bcol. illus.
_c16 x 21 cm.
350 _a$2.95
650 0 _aMothers
_xReligious life.
906 _a7
_bcbc
_corignew
_du
_encip
_f19
_gy-gencatlg
942 _2ddc
_cBK